000 01384cam a2200325 a 4500
999 _c58331
_d58331
001 1581190
005 20211109165454.0
008 931201s1994 gw a b 001 0 eng
010 _a 93046744
020 _a3540576193 (Berlin : acidfree paper)
020 _a0387576193 (New York : acidfree paper)
040 _aDLC
_cDLC
_dDLC
050 0 0 _aQC665.T7
_bS27 1994
082 0 0 _a539.2 S-23
_220
100 1 _aSasiela, Richard J.,
_d1940-
_912864
245 1 0 _aElectromagnetic wave propagation in turbulence :
_bevaluation and application of Mellin transforms /
_cRichard J. Sasiela.
260 _aBerlin ;
_aNew York :
_bSpringer-Verlag,
_cc1994.
300 _axvii, 300 p. :
_bill. ;
_c24 cm.
440 0 _aSpringer series on wave phenomena ;
_v18
_912865
504 _aIncludes bibliographical references (p. [289]-295)and index.
650 0 _aElectromagnetic waves
_xTransmission.
_912866
650 0 _aAtmospheric turbulence.
_912867
650 0 _aMellin transform.
_912868
650 0 _aNumerical calculations.
_912869
653 _aElectromagnetic Wave Propagation in Turbulence : Evaluation and Application of Mellin Transforms
653 _aфизика
906 _a7
_bcbc
_corignew
_d1
_eocip
_f19
_gy-gencatlg
942 _2udc
_cBK
955 _apc05 to ja00 12-01-93; je43/01 to je08 12-08-93; je08 12-08-93; je10 12-08-93;aa03 10-12-93; CIP ver. jf12 to sl 05-10-94